000 00807nam a22001695i 4500
001 153138
003 ES-MaACL
005 20230906205036.0
008 040906s1898 sp |||| | spa d
040 _aCAM
_bspa
_cCAM
110 2 _aCírculo de la Unión Mercantil e Industrial (Madrid)
_92827
245 1 0 _aMemoria presentada por la Junta de Gobierno á la General Ordinaria de señores socios el dia 31 de enero de 1898 /
_cCírculo de la Unión Mercantil é Industrial.
260 _aMadrid :
_b[s.n.],
_c1898 (
_fEstablecimiento tipolitográfico de J. Palacios)
300 _a21, [3], XLV p. ;
_c27 cm.
610 2 4 _aCírculo de la Unión Mercantil e Industrial (Madrid)-
_vMemorias.
_9150706
852 _aES-MaACL
_jT-787-F-13
_z-- Enc. hol., conservando la cub. original
_z-- Enc. en un vol. facticio
999 _c153138
_d153138